Quiz anglais vocabulaire : Leisure activities + Services - Statistiques

Statistiques générales
  • Ce quiz a été pris 21 fois
  • Le résultat moyen est 8 sur 41
Statistiques - réponses
Hint Réponse % Correct
un journal a newspaper
63%
to clap applaudir
63%
un passe-temps a hobby
56%
the front page la une
56%
un orchestre an orchestra
50%
une pièce de théâtre a play
50%
plonger to dive
44%
to enjoy oneself s'amuser
38%
les abonnés subscribers
31%
jouer au violon to play the violin
31%
a masterpiece un chef-d'œuvre
31%
un(e) bibliothécaire a librarian
25%
spare / free time du temps libre
25%
une librairie a bookshop
19%
une exposition an exhibition
19%
un sujet, un problème an issue
19%
une télécommande a remote control
19%
un vendeur a salesman
19%
un feuilleton a soap opera
19%
l'athlétisme athletics
13%
le linge sale the laundry
13%
a pin une épingle
13%
a draw un match nul
13%
un pantalon a pair of pants
6%
practice / training l'entraînement
6%
acheter to purchase
6%
vendre des marchandises to sell goods
6%
an anchorman un présentateur
6%
une antenne parabolique a dish
0%
une tâche de graisse a grease spot
0%
une laverie automatique a Laundromat
0%
un vêtement sale, tâché a soiled garment
0%
la lessive laundry soap
0%
les revers de manche et le col de la chemise the cuffs and collar of the shirt
0%
l'adoucissant the fabric softener
0%
être à l'antenne to be on the air
0%
donner un coup de fer au pantalon to press the pants
0%
faire la queue to stand in line
0%
a stationery store une papeterie
0%
a hem un ourlet
0%
a pair of slacks un pantalon
0%
Aucun quiz correspondant
Distribution des résultats
% des personnes avec chaque résultat
Percentile par nombre de réponses
Votre historique - résultats
Vous n’avez pas pris ce quiz